Géographie de l'Amérique du Sud par lettre - J K - Statistiques

Statistiques générales
  • Ce quiz a été pris 76 fois
  • Le résultat moyen est 5 sur 20
Statistiques - réponses
Question Réponse % Correct
Evénement sportif planétaire qui n'a été organisé qu'une seule fois en Amérique du Sud Jeux Olympiques
69%
Port européen de l'espace, situé en Guyane Kourou
66%
Grand félin qui a fait l'objet d'un culte chez les civilisations précolombiennes Jaguar
64%
Mot issu d'un terme hindi signifiant "forêt", utilisé pour désigner la forêt tropicale Jungle
64%
Traduction française de Rio de Janeiro Fleuve de {Janvier}
60%
Congrégation catholique qui a fondé de nombreuses missions en Amérique du Sud Jésuites
34%
Peuple dont on compte plusieurs centaines de milliers de représentants en Amérique du Sud, principalement en Argentine et au Brésil. Ils ont migré essentiellement depuis l'Europe, dès la colonisation et jusqu'au milieu du 20e siècle Juifs
31%
Île d'origine de 14% de la population surinamaise, ancienne colonie néerlandaise Java
28%
Enfant auquel le phénomène "El Niño" fait référence Jésus
28%
Monsieur (Nestor) et Madame (Cristina) ont tous les deux été présidents d'Argentine Kirchner
10%
Réalisateur britannique du film "Mission" qui évoque l'histoire de l'évangélisation en Amérique du sud Roland Joffé
10%
Province d'Argentine Jujuy
9%
Point culminant du Suriname (penser à une reine néerlandaise) {Juliana} Top
9%
Chanteur chilien populaire, torturé et assassiné par les militaires lors du coup d'Etat de 1973 Victor Jara
9%
Gourou de la secte du Temple du Peuple, instigateur de leur suicide collectif en 1978 au Guyana Jim Jones
7%
Archipel chilien nommé en l'honneur de son découvreur Juan Fernandez
7%
Genre de cigogne, emblématique de la région brésilienne du Pantanal (photo) Jabiru
6%
Capitale de l'Etat brésilien de Paraïba (un prénom classique suivi d'un nom bien connu des Lettres lusophones) João Pessoa
6%
Petit mammifère amazonien, nocturne et arboricole, appelé aussi poto ou singe de nuit Kinkajou
6%
Ethnie amérindienne présente sur la côte du Vénézuela jusqu'au Brésil Kali'na
4%
Aucun quiz correspondant
Distribution des résultats
% des personnes avec chaque résultat
Percentile par nombre de réponses
Votre historique - résultats
Vous n’avez pas pris ce quiz